000 01010nam a22002897a 4500
001 BD-DhSAU 9032
003 BD-DhSAU
005 20190108095901.0
008 150612b2016 bg a||||r|||| 000 0 eng d
040 _aBD-DhSAU
082 _222
_a631.4
_bAk47
100 _a Akhter , Sumyea
_4Registration No : 10-04156
245 _aEffects of different doses of Arsenic levels in growth and yield of Rice /
_c Akhter , Sumyea
_bMs Thesis
260 _aSher-e- Bangla Agricultural University :
_bDepartment of Soil science,
_c2016.
300 _aix , 63 p. :
_bill. ,
_c30 cm.
504 _aIncludes bibliographical references.
590 _aShofi
650 _aSoil science
650 _aEffects
650 _aDifferent doses
650 _aArsenic level
650 _a Rice
700 _a Hossain , Mohammad Mosharraf
_eSupervisor
700 _aChowdhury , Saikat
_eCo-Supervisor
856 _uhttp://archive.saulibrary.edu.bd:8080/xmlui/handle/123456789/1327
_yOnline Access
942 _2ddc
_cTHESIS
999 _c14339
_d14338